=LDR 00000nam 2200000 4500 =001 INLIS000000000025188 =005 20211019080506 =035 ##$$a 0010-061300000025188 =008 211019################g##########0#ind## =041 ##$$a Ind =082 ##$$a 371.2 =090 ##$$a 371, Mar s =100 ##$$a Marland, Michael =245 1#$$a Seni mengelola kelas : $b Tugas dan penampilan seorang pendidik /$c Michael Marland =260 ##$$a Semarang :$b Dahara Prize,$c 1990 =300 ##$$a 135 hlm. ; $c 20 x 14 cm. =650 #4$$a Pendidikan =850 ##$$a NBPNMAT =084 ##$$a 371.2 MAR s =250 ##$$a cet. 3 =990 ##$$a 131.283/Pro.98 =990 ##$$a 131.283/Pro.98